Normal view
MARC view
Entry Personal Name
001 - CONTROL NUMBER
- control field: 161696
003 - CONTROL NUMBER IDENTIFIER
- control field: OSt
005 - DATE AND TIME OF LATEST TRANSACTION
- control field: 20220923211920.0
008 - FIXED-LENGTH DATA ELEMENTS
- fixed length control field: 220923|| aca||aabn | a|a d
040 ## - CATALOGING SOURCE
- Original cataloging agency: OSt
- Transcribing agency: OSt
100 ## - HEADING--PERSONAL NAME
- Personal name: अग्रवाल, वासुदेवशरण; शास्त्री, मंगलदेव
670 ## - SOURCE DATA FOUND
- Source citation: Work cat.: (OSt)304564: अग्रवाल, वासुदेवशरण; शास्त्री, मंगलदेव, सांख्यदर्शन का इतिहास, 1979
